Структурные превращения в металлах и металлических покрытиях под воздействием импульсного ионного облучения; Современные достижения в области техники и применения газотермических и вакуумных покрытий

Detalhes bibliográficos
Parent link:Современные достижения в области техники и применения газотермических и вакуумных покрытий.— 1991.— С. 5-11
Outros Autores: Панин В. Е. Виктор Евгеньевич, Теплоухов В. Л., Клыков О. И., Иванов Ю. Ф. Юрий Федорович, Козлов Э. В.
Resumo:Исследованы рельеф и дефектность структуры поликристаллов Cu и Al, подвергнутых ионной обработке с нанесением металлических покрытий. Импульсное воздействие ионами Ме с энергией в диапазоне 20-80 кэВ приводит к протеканию в приповерхностном (толщиной до 20 мкм) слое обрабатываемых материалов процессов динамической рекристаллизации, способствующих существенному измельчению зерен. Выявлен факт залечивания поверхностных микротрещин материала подложек. Исследовано влияние ионной импульсной обработки на отдельные физико-механические характеристики поверхности материала (шероховатость, коэффициент трения и т. д.)
Idioma:russo
Publicado em: 1991
Assuntos:
Formato: MixedMaterials Capítulo de Livro
KOHA link:https://koha.lib.tpu.ru/cgi-bin/koha/opac-detail.pl?biblionumber=204218

MARC

LEADER 00000naa2a2200000 4500
001 204218
005 20231031190023.0
035 |a (RuTPU)RU\TPU\book\222575 
090 |a 204218 
100 |a 20111121d1991 k y0rusy50 ca 
101 0 |a rus 
102 |a UA 
200 1 |a Структурные превращения в металлах и металлических покрытиях под воздействием импульсного ионного облучения  |f В. Е. Панин [и др.] 
320 |a Библиогр.: 6 назв. 
330 |a Исследованы рельеф и дефектность структуры поликристаллов Cu и Al, подвергнутых ионной обработке с нанесением металлических покрытий. Импульсное воздействие ионами Ме с энергией в диапазоне 20-80 кэВ приводит к протеканию в приповерхностном (толщиной до 20 мкм) слое обрабатываемых материалов процессов динамической рекристаллизации, способствующих существенному измельчению зерен. Выявлен факт залечивания поверхностных микротрещин материала подложек. Исследовано влияние ионной импульсной обработки на отдельные физико-механические характеристики поверхности материала (шероховатость, коэффициент трения и т. д.) 
463 1 |0 (RuTPU)RU\TPU\book\149841  |y 5-7702-0250-5  |t Современные достижения в области техники и применения газотермических и вакуумных покрытий  |o сборник научных трудов  |f Академия наук Украинской ССР (АН УССР), Институт электросварки им. Е. О. Патона (ИЭС)  |v С. 5-11  |d 1991  |p 163 с. 
610 1 |a труды учёных ТПУ 
701 1 |a Панин  |b В. Е.  |c специалист в области физики и механики деформируемого твердого тела, физического материаловедения  |c доктор физико-математических наук, профессор Томского политехнического университета  |c зав. кафедрой материаловедения в машиностроении  |c директор Российского материаловедческого центра  |c научный руководитель института физики прочности и материаловедения СО РАН  |f 1930-  |g Виктор Евгеньевич  |2 stltpush  |3 (RuTPU)RU\TPU\pers\12102 
701 1 |a Теплоухов  |b В. Л. 
701 1 |a Клыков  |b О. И. 
701 1 |a Иванов  |b Ю. Ф.  |c российский ученый, специалист в области наноматериалов и нанотехнологий  |c профессор Томского политехнического университета, доктор физико-математических наук  |c ведущий научный сотрудник Института сильноточной электроники СО РАН  |f 1955-  |g Юрий Федорович  |2 stltpush  |3 (RuTPU)RU\TPU\pers\28208 
701 1 |a Козлов  |b Э. В. 
801 1 |a RU  |b 63413507  |c 20111121 
801 2 |a RU  |b 63413507  |c 20111121  |g RCR 
942 |c BK